000 02230cam a2200505 a 4500
999 _c64150
_d64150
001 16330165
003 CO-MdFUSB
005 20180622072550.0
008 100713t20092007enka f b 001 0 eng
010 _a 2010294821
020 _a9780199568239 (pbk. : alk. paper)
020 _a9780199215393 (hbk. : alk. paper)
040 _aUKM
_cCO-MdFUSB
_dCO-MdFUSB
_dYDXCP
_dUPP
_dGBVCP
_dBTCTA
_dDLC
_bspa
_erda
041 _aeng
042 _alccopycat
082 0 4 _224
_aG 123.5
_bM978d
100 1 _aMurphy, Nancey C.
_eautor
242 _a¿Mis neuronas me obligaron a hacerlo?
_b: perspectivas filosóficas y neurobiológicas sobre la responsabilidad moral y el libre albedrío
_lInglés
245 1 0 _aDid my neurons make me do it?
_b: philosophical and neurobiological perspectives on moral responsibility and free will
_c/ Nancey Murphy and Warren S. Brown.
264 1 _aOxford :
_bOxford University Press,
_c℗2009
264 4 _c©2007
300 _axviii, 334 páginas :
_bilustraciones ;
_c24 cm.
336 _2rdacontent
_atexto
_btxt
337 _2rdamedia
_asin mediación
_bn
338 _2rdacarrier
_avolumen
_bnc
500 _aOriginally published: 2007.
501 _aIncluye índice (p. 323- 334)
504 _aBibliografía (p. 309-321)
505 0 _aIntroducción: Nuevos enfoques para viejos problemas nudosos -- Evitando el materialismo cartesiano -- Del reduccionismo causal a los sistemas autodirigidos -- De la acción sin sentido a la inteligente -- ¿Cómo pueden significar las redes neuronales? -- ¿Cómo consigue la razón su control sobre el cerebro? -- ¿Quién es responsable? -- Reduccionismo neurobiológico y libre albedrío.
650 0 _aCulpa (Derecho)
_9928
650 0 _aLibre albedrío y determinismo
_91106
653 _aNeurobiología
653 _aMente y cuerpo
700 1 _aBrown, Warren S.,
_d1944-
_eautor
906 _a7
_bcbc
_ccopycat
_d2
_encip
_f20
_gy-gencatlg
942 _cBK